Statistics for Noun or Verb Puzzle #4

Click here to take the quiz!

General Stats

  • This quiz has been taken 499 times
  • The average score is 11 of 20

Answer Stats

Answer% Correct
Bear
93%
Egg
91%
Board
88%
Floor
79%
Type
78%
Bank
77%
Box
72%
Course
63%
Page
61%
Plant
57%
Scale
52%
Face
51%
Check
46%
Bay
44%
Coast
42%
Fire
41%
Draft
34%
Register
27%
Mind
23%
Staff
22%

Score Distribution

Percentile by Number Answered

Percent of People with Each Score

Your Score History

You have not taken this quiz